000 00520nam a22001817a 4500
999 _c19238
_d19238
003 AR-CdUCM
008 190517b ||||| |||| 00| 0 spa d
040 _aMUNICIPALIDAD PROVINCIAL DEL CUSCO
_cBIBLIOTECA MUNICIPAL DEL CUSCO
082 _a985.009 /
_bZ75
100 _aZanutelli Rosas, Manuel
_915940
245 _aAfonso Ugarte
260 _aMonterrico :
_bLima,
_c1987.
300 _a62 páginas ;
_c22 cm.
505 _aAlfonso Ugarte.
650 _aAlfonso Ugarte.
_938922
942 _2ddc
_cLIBROS
945 _awfj